000 00700nam a22001817a 4500
005 20250916122151.0
008 250916b ||||| |||| 00| 0 eng d
020 _a9781639050086
050 _aKF1416.G88
100 _9Gutterman, Alan S.
245 _aSustainability for small businesses /
_cAlan S. Gutterman.
260 _aChicago :
_bAmerican Bar Association,
_c2021.
300 _aviii, 109 p. :
_c23 cm.
490 _3The corporate social responsibility series.
500 _aIncludes index.
505 _aContents: Corporate social responsibility -- Planning -- Implementation -- Governance and management -- Reporting and communications -- Sustainable entrepreneurship.
942 _2lcc
_cBK
999 _c10476
_d17976